<?xml version="1.0" encoding="UTF-8"?>
<record
    xmlns:xsi="http://www.w3.org/2001/XMLSchema-instance"
    xsi:schemaLocation="http://www.loc.gov/MARC21/slim http://www.loc.gov/standards/marcxml/schema/MARC21slim.xsd"
    xmlns="http://www.loc.gov/MARC21/slim">

  <leader>01503nam a2200337 i 4500</leader>
  <controlfield tag="001">26602</controlfield>
  <controlfield tag="003">ES-MaACL</controlfield>
  <controlfield tag="005">20260327112609.0</controlfield>
  <controlfield tag="008">050506s1916    sp            000 0 spa  </controlfield>
  <datafield tag="016" ind1="7" ind2=" ">
    <subfield code="a">bimoBNE20050274193</subfield>
    <subfield code="2">SpMaBN</subfield>
  </datafield>
  <datafield tag="035" ind1=" " ind2=" ">
    <subfield code="a">(OCoLC)433456749</subfield>
  </datafield>
  <datafield tag="035" ind1=" " ind2=" ">
    <subfield code="a">(SpMaBN)bimo0002021599</subfield>
  </datafield>
  <datafield tag="040" ind1=" " ind2=" ">
    <subfield code="a">SpMaBN</subfield>
    <subfield code="b">spa</subfield>
    <subfield code="c">SpMaBN</subfield>
    <subfield code="e">rdc</subfield>
    <subfield code="d">SpMaBN</subfield>
  </datafield>
  <datafield tag="080" ind1=" " ind2=" ">
    <subfield code="a">929 Figueredo, Diego de</subfield>
  </datafield>
  <datafield tag="080" ind1=" " ind2=" ">
    <subfield code="a">94(460.353 Mor&#xF3;n)</subfield>
  </datafield>
  <datafield tag="080" ind1=" " ind2=" ">
    <subfield code="a">94(460)"0711/1492"</subfield>
  </datafield>
  <datafield tag="100" ind1=" " ind2=" ">
    <subfield code="a">Pilares, Ram&#xF3;n Au&#xF1;&#xF3;n y Villal&#xF3;n,</subfield>
    <subfield code="c">Marqu&#xE9;s de, </subfield>
    <subfield code="d">1844-1925</subfield>
    <subfield code="9">239905</subfield>
  </datafield>
  <datafield tag="245" ind1="1" ind2="3">
    <subfield code="a">El gran alcaide de Mor&#xF3;n, Diego de Figueredo, en el &#xFA;ltimo tercio del siglo XV</subfield>
    <subfield code="h">[Texto impreso]</subfield>
    <subfield code="c">Ram&#xF3;n Au&#xF1;&#xF3;n y Villal&#xF3;n</subfield>
  </datafield>
  <datafield tag="260" ind1=" " ind2=" ">
    <subfield code="a">[S.l.]</subfield>
    <subfield code="b">[s.n.]</subfield>
    <subfield code="c">1916</subfield>
    <subfield code="e">Madrid</subfield>
    <subfield code="f">Imp. del Ministerio de Marina</subfield>
  </datafield>
  <datafield tag="300" ind1=" " ind2=" ">
    <subfield code="a">110 p.</subfield>
    <subfield code="b">il.</subfield>
    <subfield code="c">23 cm</subfield>
  </datafield>
  <datafield tag="600" ind1="1" ind2="7">
    <subfield code="a">Figueredo, Diego de, </subfield>
    <subfield code="d">fl. s. XV</subfield>
    <subfield code="0">http://datos.bne.es/resource/XX1717178</subfield>
    <subfield code="9">150783</subfield>
  </datafield>
  <datafield tag="651" ind1=" " ind2="7">
    <subfield code="a">Mor&#xF3;n de la Frontera</subfield>
    <subfield code="x">Historia</subfield>
    <subfield code="2">embne</subfield>
    <subfield code="9">150784</subfield>
  </datafield>
  <datafield tag="651" ind1=" " ind2="0">
    <subfield code="a">Espa&#xF1;a-</subfield>
    <subfield code="x">Historia-</subfield>
    <subfield code="y">711-1492 (Reconquista)</subfield>
    <subfield code="9">234468</subfield>
  </datafield>
  <datafield tag="852" ind1=" " ind2=" ">
    <subfield code="a">ES-MaACL</subfield>
    <subfield code="c">DEPOF</subfield>
    <subfield code="j">1510-F-4</subfield>
    <subfield code="z">Revisado enlace: 27 de Marzo de 2025.</subfield>
    <subfield code="9"> 27604</subfield>
  </datafield>
  <datafield tag="856" ind1="4" ind2=" ">
    <subfield code="u">http://bdh-rd.bne.es/viewer.vm?id=0000123950&amp;page=1</subfield>
    <subfield code="y">Biblioteca Digital Hisp&#xE1;nica</subfield>
  </datafield>
  <datafield tag="942" ind1=" " ind2=" ">
    <subfield code="2">udc</subfield>
  </datafield>
  <datafield tag="956" ind1=" " ind2=" ">
    <subfield code="a">1 2</subfield>
  </datafield>
  <datafield tag="980" ind1=" " ind2=" ">
    <subfield code="a">R&#xFA;stica</subfield>
    <subfield code="l">Papel &#xE1;cido</subfield>
    <subfield code="l">Cubierta rasgada</subfield>
    <subfield code="a">SpMaBN</subfield>
    <subfield code="b">BNMADRID</subfield>
    <subfield code="j">VC/599/24</subfield>
    <subfield code="c">SG_RECOLET</subfield>
  </datafield>
  <datafield tag="980" ind1=" " ind2=" ">
    <subfield code="a">Garc&#xED;a Figueras</subfield>
    <subfield code="a">R&#xFA;stica</subfield>
    <subfield code="l">Papel &#xE1;cido</subfield>
    <subfield code="l">Cubierta suelta</subfield>
    <subfield code="a">SpMaBN</subfield>
    <subfield code="b">BNALCALA</subfield>
    <subfield code="j">AFRGFC/24/14</subfield>
    <subfield code="c">SG_PETANTI</subfield>
  </datafield>
  <datafield tag="999" ind1=" " ind2=" ">
    <subfield code="c">26602</subfield>
    <subfield code="d">26602</subfield>
  </datafield>
  <datafield tag="952" ind1=" " ind2=" ">
    <subfield code="0">0</subfield>
    <subfield code="1">0</subfield>
    <subfield code="4">0</subfield>
    <subfield code="7">0</subfield>
    <subfield code="8">Colecci&#xF3;n_de_folletos</subfield>
    <subfield code="a">ATENEOM</subfield>
    <subfield code="b">ATENEOM</subfield>
    <subfield code="c">DEPOF</subfield>
    <subfield code="d">2008-01-17</subfield>
    <subfield code="e">SC</subfield>
    <subfield code="l">0</subfield>
    <subfield code="o">1510-F-4</subfield>
    <subfield code="p">1027453</subfield>
    <subfield code="r">2023-02-23 00:00:00</subfield>
    <subfield code="w">2023-02-23</subfield>
    <subfield code="y">FOLLETOS</subfield>
  </datafield>
</record>
